01508nam a2200217Ia 45000010005000000080041000050100009000460410014000550820027000692450121000962600027002173000007002445200007002516300026002586300017002846500017003017000031003187000031003497000045003805200865004253370241029s9999 xx 000 0 und d a3171 aEspañol aBJVM, RD, 372.7, R456n 0aNivel de Conocimiento Matemático al Ingresar al Liceo Gastón Fernando Deligne, San Pedro de Macorís, 2009-2010 aSan Pedro de Macorís a71 a23 aConocimientos previos aMatemática aMatemática easesoraDe la Rosa, Leida  eautora Reyes, Juan Carlos eautora Antonio Montilla, Amauris Rafael aEste trabajo de investigación fue motivado para dar respuesta a la pregunta ¿Con qué nivel de conocimiento matemático ingresan los estudiantes al primer ciclo del Liceo Gastón Fernando Deligne en el Año Escolar 2009-2010?.Para tal fin realizamos una investigación de tipo descriptiva, en la misma nos valimos de una prueba de aprovechamiento y los aportes de otros estudios, así como los conocimientos de varios teóricos del área de psicología y matemática educativa.Finalmente los resultados obtenidos fueron muy similares a los presentados, incluso por organismos internacionales, ya que descubrimos que el nivel de conocimiento con que ingresaron los estudiantes al Liceo en el área fue deficiente.El mismo consta de 71 páginas. En el capítulo 5 mostramos los datos obtenidos del instrumento, explicado en un total de 11 tablas.